000 00931nam a2200301Ia 4500
001 B6633
003 IT-RoPAU
008 130308s9999 xx 000 0 und d
040 _aIT-RoPAU
040 _cIT-RoPAU
041 _aITALIANO
100 _aBiasutti Michele
100 _gCodice Aut. SPICS: 39403
245 _aContributo sperimentale allo studio del rapporto musica-stati alterati di coscienza
245 _bRivista di musicoterapia , N.6-Dicembre 1988
250 _a1a ed.
260 _aTORINO
260 _bMinerva Medica
260 _c1988 [1° Ed.:1988 - Ed.Ling.Originale:1988]
300 _a"6 p. (prefazione: no ; testo: 6 [pagine: 55-60])"
500 _aPresupposti Teorici: Musica nell'Induzione Ipnotica, Ipnosi e Creatività Musicale. Ricerca e Risultati.
650 _aSAGGI MUSICALI
650 _eCodice materia Spics: 7011
942 _cBK
957 _71
999 _c38200
_d38200
999 _bSI
999 _g1